000 00620cam a22002293a 4500
001 1506
003 PGUSA
005 20140828083002.0
008 981001s1998||||xxu|||||s|||||000 p eng d
040 _aPGUSA
_beng
042 _adc
050 4 _aPR
100 1 _aShakespeare, William,
_d1564-1616
245 1 4 _aThe Rape of Lucrece
_h[electronic resource] /
_cWilliam Shakespeare
260 _bProject Gutenberg,
_c1998
506 _aPublic domain in the USA.
516 _aElectronic text
653 _aPoetry
830 0 _aProject Gutenberg
_v1506
856 4 0 _uhttp://www.gutenberg.org/ebooks/1506
942 _cEB
999 _c230854
_d230854